000 00555nam a2200229Ia 4500
008 210210b2013 xxu||||| |||| 00| 0 eng d
020 _a9789350531228
041 _aeng
082 _a361.614 SINS
100 _aSINGH (Robin)
245 _aSocial security in human rights perspective
260 _aNew Delhi
_bCyber Tech Publications
_c2013
300 _aviii, 272
650 _aSocial
650 _asecurity
650 _arights
650 _aperspective
650 _ain
650 _ahuman
690 _aSocial Welfare
906 _a067150
999 _c149471
_d149471